[Event "CRO-ch U11"]
[Site "Trogir"]
[Date "2020.08.24"]
[Round "1"]
[White "Bilic, Renato"]
[Black "Stefanec, Petar"]
[Result "1-0"]
[WhiteElo "1324"]
[BlackElo "1689"]
[PlyCount "79"]
[EventDate "2020.08.24"]
[EventType "swiss"]
[EventRounds "9"]
[EventCountry "CRO"]
[SourceTitle "CBM 198 Extra"]
[Source "ChessBase"]
[SourceDate "2020.11.30"]
[SourceVersion "1"]
[SourceVersionDate "2020.11.30"]
[SourceQuality "1"]

1. e4 c5 2. Nc3 Nc6 3. g3 e6 4. Bg2 Nf6 5. f4 e5 6. f5 Be7 7. Nf3 d5 8. exd5 Nxd5 9. 0-0 Nxc3 10. dxc3 0-0 11. Qxd8 Rxd8 12. Bg5 Bxg5 13. Nxg5 h6 14. Ne4 b6 15. f6 g6 16. Nxc5 bxc5 17. Bxc6 Rb8 18. Rad1 Rxd1 19. Rxd1 Bg4 20. Rb1 Rd8 21. Be4 Rd1+ 22. Rxd1 Bxd1 23. Kf2 h5 24. h4 Kh7 25. Ke3 Bg4 26. Kd3 Be6 27. c4 Kh6 28. c3 g5 29. b4 cxb4 30. cxb4 gxh4 31. gxh4 a6 32. a3 Bd7 33. c5 Bb5+ 34. Ke3 Bd7 35. c6 Bc8 36. a4 Be6 37. b5 axb5 38. axb5 Bc8 39. b6 Ba6 40. b7 1-0